Γενική παιδαγωγική

Αποθηκεύτηκε σε:
Λεπτομέρειες βιβλιογραφικής εγγραφής
Κύριος συγγραφέας: Κωνσταντόπουλος, Ευριπίδης Σ.
Μορφή: Βιβλίο
Γλώσσα:Greek
Δημοσίευση: Αθήναι : [χ.ό.], 1952.
Θέματα:
Ετικέτες: Προσθήκη ετικέτας
Δεν υπάρχουν, Καταχωρήστε ετικέτα πρώτοι!

MARC

LEADER 00000cam a2200000 i 4500
001 1/100125
008 081229s1952 gr | ||| |||| ||gre||
035 |l 10102735 
040 |a GR-MyUA  |b gre  |e AACR2 
041 0 |a gre 
082 0 |a 370.1   |2 (22) 
100 1 |a Κωνσταντόπουλος, Ευριπίδης Σ. 
245 1 0 |a Γενική παιδαγωγική /   |c Ευριπίδου Σ. Κωνσταντοπούλου.  
260 |a Αθήναι :   |b [χ.ό.],   |c 1952.  
300 |a 189, [2] σ. ;   |c 22 εκ. 
500 |a Στο αντίτυπο της Σάμου σ. τ. "Δημοτικόν Σχολείον - Λιμένος Καρλοβασίων - Σάμω".  
504 |a Περιλαμβάνει βιβλιογραφικές αναφορές.  
650 0 0 |a Education  |x Philosophy. 
650 0 0 |a Education  |z Greece. 
650 0 0 |a Education  |x Study and teaching. 
650 0 0 |a Education  |x Aims and objectives. 
650 0 0 |a Teaching. 
852 |a INST  |b RHODES  |c AKA  |e 20081229  |h  370.1 ΚΩΝ  |p 005400031738  |q 005400031738  |t BK  |y 0 
852 |a INST  |b SAMOS  |c PORFYRIADA  |e 20150921  |h 370.1 ΚΩΝ  |p 005300042726  |q 005300042726  |t NOLOAN  |y 23 
901 |a BIBL4-2008-3 
909 |a Ρ  |b 156711 
970 |a ΚΟΖΑ  |b ΜΑΡΙΑ  |z 2008/12/19